| 000 | 00631nam a22002537a 4500 | ||
|---|---|---|---|
| 003 | UA-OsUOA | ||
| 001 | 26246 | ||
| 007 | ta | ||
| 008 | 20040524b un ||||| |||| 00| 0 ukr d | ||
| 100 | _aКравчук А.Ф. | ||
| 090 |
_a519.17 _bК78 |
||
| 942 | _cBK | ||
| 040 |
_aUA-OsUOA _bukr _cUA-OsUOA _dUA-OsUOA |
||
| 245 |
_aОснови дискретної математики _bНавчальний посібник |
||
| 300 | _a196 с. | ||
| 955 | _a0 | ||
| 041 | _aukr | ||
| 080 | _a519.17 | ||
| 020 | _a5-7763-0606-2 | ||
| 260 |
_aКиїв _bУМК ВО _c1992 |
||
| 044 | _aUA | ||
| 650 | 7 | _2UDC | |
| 999 |
_c312565 _d312565 |
||